Normal view MARC view
  • Suriye

Entry Geographic Name

Number of records used in: 1

001 - CONTROL NUMBER

  • control field: 120007

003 - CONTROL NUMBER IDENTIFIER

  • control field: TR-AnTOB

005 - DATE AND TIME OF LATEST TRANSACTION

  • control field: 20190213214915.0

008 - FIXED-LENGTH DATA ELEMENTS

  • fixed length control field: 180521n|eazannaab| |a aaa

035 ## - SYSTEM CONTROL NUMBER

  • System control number: (TR-AnTOB)120007

040 ## - CATALOGING SOURCE

  • Original cataloging agency: TR-AnTOB
  • Transcribing agency: TR-AnTOB

151 ## - HEADING--GEOGRAPHIC NAME

  • Geographic name: Suriye
  • General subdivision: Tarih
  • Chronological subdivision: İç Savaş 2011-

451 ## - SEE FROM TRACING--GEOGRAPHIC NAME

  • Geographic name: Syria
  • General subdivision: History
  • Chronological subdivision: Civil War, 2011-

672 ## - TITLE RELATED TO THE ENTITY

  • Bibliographic record control number: 200429674

751 ## - ESTABLISHED HEADING LINKING ENTRY--GEOGRAPHIC NAME

  • Authority record control number or standard number: (DLC)sh2012001320
  • Source of heading or term: lcsh

751 ## - ESTABLISHED HEADING LINKING ENTRY--GEOGRAPHIC NAME

  • Authority record control number or standard number: (TR-AnTOB)120006
  • Source of heading or term: etuesh
Devinim Yazılım Eğitim Danışmanlık tarafından Koha'nın orjinal sürümü uyarlanarak geliştirilip kurulmuştur.